00286nam a2200097Ia 4500008004100000100001400041245006400055260004400119300000900163650001600172191201s1994 xx 000 0 und d aRAI, H.C. 0aNumerical Problems and Objective Evaluation in Power System aN. DelhibDhanpat Rai Pub (P) Ltdc1994 a1994 aB.Tech(ECE)